Las instituciones polt̕icas de los Estados Unidos Mexicanos

Bibliographic Details
Main Author: Nacif, Benito
Format: Software Book
Language:Spanish
Published: Mx̌ico Nostra Ediciones 2007
Subjects:
Online Access:Acceso restringido

MARC

LEADER 00000nam a22000007a 4500
005 20151006122018.0
007 c||||| ||
008 151006s2007 mx |||||||||| 00||0 spa d
020 |a 978-968-5447-37-9 
035 |a 12848 
040 |a vLex 
090 |c 5578  |d 5578 
100 1 |a Nacif, Benito 
245 1 4 |a Las instituciones polt̕icas de los Estados Unidos Mexicanos  |h [Recurso electrn̤ico]  |c Benito Nacif  
256 |a Servicio en ln̕ea 
260 |a Mx̌ico  |b Nostra Ediciones  |c 2007 
300 |a 1 recurso electrn̤ico 
506 1 |a Contenido solo disponible en los productos indicados  |d vLex Global  |d vLex Global (Academic Edition, excluding Law Schools)  |d vLex Global (U.S. Academic Edition, Law Schools)  |d vLex Global (U.S. Academic Edition, excluding Law Schools)  |d vLex Global (Academic Edition, Law Schools) 
650 0 4 |a Instituciones polt̕icas   |z Mx̌ico 
740 0 |a vLex libros (servicio en ln̕ea) 
856 4 0 |u http://vlex.com/source/instituciones-politicas-estados-unidos-mexicanos-12848  |z Acceso restringido 
942 |c BOOK 
999 0 |a Comparative government